De súbditos a ciudadanos (siglos XVII-XIX) : (Registro nro. 37752)
[ vista simple ]
| 000 -CABECERA | |
|---|---|
| campo de control de longitud fija | 01672nam a2200409 i 4500 |
| 001 - NÚMERO DE CONTROL | |
| campo de control | 000038262 |
| 003 - IDENTIFICADOR DEL NÚMERO DE CONTROL | |
| campo de control | DO-SdBNP |
| 005 - FECHA Y HORA DE LA ÚLTIMA TRANSACCIÓN | |
| campo de control | 20251027104343.0 |
| 007 - CAMPO FIJO DE DESCRIPCIÓN FÍSICA--INFORMACIÓN GENERAL | |
| campo de control de longitud fija | ta |
| 008 - DATOS DE LONGITUD FIJA--INFORMACIÓN GENERAL | |
| campo de control de longitud fija | 130405s2012 dr ad 001 0 spa d |
| 020 ## - NÚMERO INTERNACIONAL ESTÁNDAR DEL LIBRO | |
| Número Internacional Estándar del Libro | 9789945074727 v.1 |
| 020 ## - NÚMERO INTERNACIONAL ESTÁNDAR DEL LIBRO | |
| Número Internacional Estándar del Libro | 9789945586374 v.3 |
| 020 ## - NÚMERO INTERNACIONAL ESTÁNDAR DEL LIBRO | |
| Número Internacional Estándar del Libro | 9789945907285 v.4 |
| 040 ## - FUENTE DE LA CATALOGACIÓN | |
| Centro catalogador/agencia de origen | DO-SdBNP |
| Lengua de catalogación | spa |
| Centro/agencia transcriptor | BNPHU |
| Normas de descripción | rda |
| 041 ## - CÓDIGO DE LENGUA | |
| Código de lengua del texto/banda sonora o título independiente | spa |
| 082 #4 - NÚMERO DE LA CLASIFICACIÓN DECIMAL DEWEY | |
| Número de clasificación | 305.8960729 |
| Número de documento/Ítem | I12d |
| Número de edición | 22 |
| 100 ## - ENTRADA PRINCIPAL--NOMBRE DE PERSONA | |
| Nombre de persona | Ibarra Cuesta, Jorge, |
| Fechas asociadas al nombre | 1931- |
| 9 (RLIN) | 64630 |
| Término indicativo de función/relación | autor |
| Código de función/relación | aut. |
| 245 10 - MENCIÓN DE TÍTULO | |
| Título | De súbditos a ciudadanos (siglos XVII-XIX) : |
| Resto del título | el proceso de formación de las comunidades criollas del Caribe hispánico (Cuba, Puerto Rico y Santo Domingo) / |
| Mención de responsabilidad, etc. | Jorge Ibarra Cuesta. |
| 246 3# - FORMA VARIANTE DE TÍTULO | |
| Título propio/Titulo breve | De súbditos a ciudadanos (siglos 17-19) |
| 246 3# - FORMA VARIANTE DE TÍTULO | |
| Título propio/Titulo breve | De súbditos a ciudadanos (siglos diecisiete-diecinueve) |
| 264 #4 - PRODUCCIÓN, PUBLICACIÓN, DISTRIBUCIÓN, FABRICACIÓN Y COPYRIGHT | |
| Producción, publicación, distribución, fabricación y copyright | Santo Domingo : |
| Nombre del de productor, editor, distribuidor, fabricante | Archivo General de la Nación, |
| Fecha de producción, publicación, distribución, fabricación o copyright | ©2012. |
| 300 ## - DESCRIPCIÓN FÍSICA | |
| Extensión | volúmenes : |
| Otras características físicas | ilustraciones, tablas ; |
| Dimensiones | 24 cm. |
| 336 ## - TIPO DE CONTENIDO | |
| Término de tipo de contenido | texto |
| Código de tipo de contenido | txt |
| Fuente | rdacontent |
| 337 ## - TIPO DE MEDIO | |
| Nombre/término del tipo de medio | sin mediación |
| Código del tipo de medio | n |
| Fuente | rdamedia |
| 338 ## - TIPO DE SOPORTE | |
| Nombre/término del tipo de soporte | volumen |
| Código del tipo de soporte | nc |
| Fuente | rdacarrier |
| 490 0# - MENCIÓN DE SERIE | |
| Mención de serie | Archivo General de la Nación ; |
| Designación de volumen o secuencia | 182, 240, 313 |
| 500 ## - NOTA GENERAL | |
| Nota general | La biblioteca posee el v.I, v.3 y v.4 |
| 500 ## - NOTA GENERAL | |
| Nota general | Incluye índice onomástico. |
| 500 ## - NOTA GENERAL | |
| Nota general | Incluye referencias bibliográficas y notas al pie de las páginas. |
| 590 ## - NOTA LOCAL (RLIN) | |
| Nota local | Inventariado, 2018/DG |
| 650 #4 - PUNTO DE ACCESO ADICIONAL DE MATERIA--TÉRMINO DE MATERIA | |
| Término de materia o nombre geográfico como elemento de entrada | Identidad nacional |
| Subdivisión geográfica | Caribe (Región) |
| Subdivisión general | Historia |
| 9 (RLIN) | 64631 |
| 650 #4 - PUNTO DE ACCESO ADICIONAL DE MATERIA--TÉRMINO DE MATERIA | |
| Término de materia o nombre geográfico como elemento de entrada | Criollos |
| Subdivisión geográfica | Caribe (Región) |
| Subdivisión general | Historia |
| 9 (RLIN) | 87691 |
| 651 #0 - PUNTO DE ACCESO ADICIONAL DE MATERIA--NOMBRE GEOGRÁFICO | |
| Nombre geográfico | Caribe (Región) |
| Subdivisión general | Historia |
| 9 (RLIN) | 87401 |
| 651 #0 - PUNTO DE ACCESO ADICIONAL DE MATERIA--NOMBRE GEOGRÁFICO | |
| Nombre geográfico | Caribe (Región) |
| Subdivisión general | Características nacionales |
| -- | Historia |
| 9 (RLIN) | 87401 |
| 910 ## - DATOS DE OPCIÓN DEL USUARIO (OCLC) | |
| Datos de opción del usuario | Validado. Control de calidad EMS. |
| 942 ## - ELEMENTOS DE PUNTO DE ACCESO ADICIONAL (KOHA) | |
| Fuente del sistema de clasificación o colocación | Dewey Decimal Classification |
| Tipo de ítem Koha | Libro |
| Estado de retiro | Estado de pérdida | Fuente del sistema de clasificación o colocación | Restricciones de uso | No para préstamo | Código de colección | Localización permanente | Ubicación/localización actual | Ubicación en estantería | Fecha de adquisición | Fuente de adquisición | Total de préstamos | Signatura topográfica completa | Código de barras | Fecha visto por última vez | Número de copia | Precio válido a partir de | Tipo de ítem Koha | Nota pública |
|---|---|---|---|---|---|---|---|---|---|---|---|---|---|---|---|---|---|---|
| Dewey Decimal Classification | Préstamo en sala | Dominicana de Servicio | Biblioteca Nacional Pedro Henríquez Ureña | Biblioteca Nacional Pedro Henríquez Ureña | Depósito | 28.05.2013 | Donado por El Archivo General de la Nación | BNPHU DS 305.8960729 I12d | 38262-30 | 25.06.2020 | v.1 e.3 | 25.06.2020 | Libro | |||||
| Dewey Decimal Classification | Préstamo en sala | Dominicana de Servicio | Biblioteca Nacional Pedro Henríquez Ureña | Biblioteca Nacional Pedro Henríquez Ureña | Depósito | 11.12.2018 | Donado por Maritza Báez | BNPHU DS 305.8960729 I12d | 38262-40 | 25.06.2020 | v.1, v.4 | 25.06.2020 | Libro | |||||
| Dewey Decimal Classification | Préstamo en sala | Dominicana de Servicio | Biblioteca Nacional Pedro Henríquez Ureña | Biblioteca Nacional Pedro Henríquez Ureña | Depósito | 28.05.2019 | Donado por El Poder Judicial | BNPHU DS 305.8960729 I12d | 38262-50 | 25.06.2020 | v.1, e.5 | 25.06.2020 | Libro | |||||
| Dewey Decimal Classification | Excluido de préstamo | Patrimonio Dominicano | Biblioteca Nacional Pedro Henríquez Ureña | Biblioteca Nacional Pedro Henríquez Ureña | Depósito | 05.04.2013 | Donado por El Poder Judicial | BNPHU PD 305.8960729 I12d | 38262-10 | 25.06.2020 | v. 1 | 25.06.2020 | Libro | |||||
| Dewey Decimal Classification | Excluido de préstamo | Patrimonio Dominicano | Biblioteca Nacional Pedro Henríquez Ureña | Biblioteca Nacional Pedro Henríquez Ureña | Depósito | 28.05.2013 | Deposito Legal | BNPHU PD 305.8960729 I12d | 38262-20 | 25.06.2020 | v.1, e.2 | 25.06.2020 | Libro | |||||
| Dewey Decimal Classification | Excluido de préstamo | Patrimonio Dominicano | Biblioteca Nacional Pedro Henríquez Ureña | Biblioteca Nacional Pedro Henríquez Ureña | Depósito | 21.04.2025 | Donado por la Presidencia de la República Dominicana 2023. | BNPHU PD 305.8960729 I12d | 2025-3455 | 21.04.2025 | v.3 | 21.04.2025 | Libro | Pertenecio a la bilioteca personal de Emilio Cordero Michel. | ||||
| Dewey Decimal Classification | Excluido de préstamo | Patrimonio Dominicano | Biblioteca Nacional Pedro Henríquez Ureña | Biblioteca Nacional Pedro Henríquez Ureña | Depósito | 21.04.2025 | Donado por la Presidencia de la República Dominicana 2023. | BNPHU PD 305.8960729 I12d | 2025-3456 | 21.04.2025 | v.3, e.2 | 21.04.2025 | Libro | Pertenecio a la bilioteca personal de Emilio Cordero Michel. | ||||
| Dewey Decimal Classification | Excluido de préstamo | Patrimonio Dominicano | Biblioteca Nacional Pedro Henríquez Ureña | Biblioteca Nacional Pedro Henríquez Ureña | Depósito | 22.04.2025 | Deposito Legal | BNPHU PD 305.8960729 I12d | 2025-3495 | 22.04.2025 | v.4 | 22.04.2025 | Libro | |||||
| Dewey Decimal Classification | Excluido de préstamo | Patrimonio Dominicano | Biblioteca Nacional Pedro Henríquez Ureña | Biblioteca Nacional Pedro Henríquez Ureña | Depósito | 22.04.2025 | Deposito Legal | BNPHU PD 305.8960729 I12d | 2025-3496 | 22.04.2025 | v.4, e.2 | 22.04.2025 | Libro | |||||
| Dewey Decimal Classification | Préstamo en sala | Dominicana de Servicio | Biblioteca Nacional Pedro Henríquez Ureña | Biblioteca Nacional Pedro Henríquez Ureña | Depósito | 22.04.2025 | Deposito Legal | BNPHU DS 305.8960729 I12d | 2025-3497 | 22.04.2025 | v.4, e.3 | 22.04.2025 | Libro | |||||
| Dewey Decimal Classification | Préstamo en sala | Dominicana de Servicio | Biblioteca Nacional Pedro Henríquez Ureña | Biblioteca Nacional Pedro Henríquez Ureña | Depósito | 22.04.2025 | Donado por la Presidencia de la República Dominicana 2023. | BNPHU DS 305.8960729 I12d | 2025-3498 | 22.04.2025 | v.4, e.4 | 22.04.2025 | Libro | Pertenecio a la bilioteca personal de Emilio Cordero Michel. |
